| 000 | 00679nam a22002417a 4500 | ||
|---|---|---|---|
| 003 | UA-OsUOA | ||
| 001 | 41918 | ||
| 007 | ta | ||
| 008 | 20061017b un ||||| |||| 00| 0 ukr d | ||
| 090 |
_a159. 98 (075. 8) _bО - 75 |
||
| 942 | _cBK | ||
| 040 |
_aUA-OsUOA _bukr _cUA-OsUOA _dUA-OsUOA |
||
| 245 |
_aОснови практичної психології _bПідрчучник |
||
| 300 | _a536 с. | ||
| 955 | _a2 | ||
| 041 | _aukr | ||
| 080 | _a159. 98 (075. 8) | ||
| 020 | _a966-06-0216-2 | ||
| 260 |
_aК. _bЛибідь _c2001 |
||
| 250 | _nВидання друге, стереотипне | ||
| 650 | 7 |
_a1 Філософські науки _2UDC |
|
| 999 |
_c328036 _d328036 |
||